Magnetic Hysteresis

Guardado en:
Detalles Bibliográficos
Autor principal: Torre, Edward Della (Autor)
Formato: Libro
Lenguaje:inglés
Publicado: New York : Institute of Electrical and Electronics Engineers, 1999
Materias:
Etiquetas: Agregar Etiqueta
Sin Etiquetas, Sea el primero en etiquetar este registro!

MARC

LEADER 00000nam a22000003a 4500
001 stu99145
005 20150617225818.0
008 051206s1999----xxu-----------------eng-d
020 |a 0-7803-6041-9 
040 |a STU  |b slo 
041 0 |a eng 
044 |a xxu 
080 |a 537.623 
084 |a A7560  |2 INS 
084 |a A7560E  |2 INS 
100 1 |a Torre, Edward Della  |4 aut 
245 1 |a Magnetic Hysteresis 
260 |a New York :  |b Institute of Electrical and Electronics Engineers,  |c 1999 
300 |a 215 s 
650 7 |a magnetická hysterézia  |2 stusub 
996 |b 284EK85827  |c E*85827  |l EE06  |s P  |a 0  |w stu99145_0001